| 000 | 00589cam a2200229 4500 | ||
|---|---|---|---|
| 001 | B1262 | ||
| 008 | 090401t1987 xxu||||| |||| 00| 0 eng d | ||
| 035 | _a(Sirsi) u43422 | ||
| 041 | _aeng | ||
| 050 | _a693.97 | ||
| 100 | _aHarrison, H. W. | ||
| 245 | _aInspecting steel houses | ||
| 260 |
_aGarston,Watford _bBuilding Research Establishment _c1987 |
||
| 300 | _a(4)p. : ill. ; 30cm. | ||
| 350 | _a0 | ||
| 490 |
_aBRE Information Paper _v14/87 |
||
| 650 | _aPREFABRICATION | ||
| 650 | _aSTEEL CLAD HOUSES | ||
| 650 | _aSTEEL FRAMED HOUSES | ||
| 942 | _n0 | ||
| 948 | _c04/03/1997 | ||
| 999 |
_c91319 _d91319 |
||